000 00353nam a2200133Ia 4500
008 151001s9999||||xx |||||||||||||| ||und||
100 _aहॅरॉल्ड रॉबिन्स
245 _aहे बंद वात्सल्याचे
250 _a1
260 _bक्ष
260 _c1990
300 _a704
365 _b21
999 _c968076
_d968073